Statistiques concernant Top 20 valeurs marchandes: LaLiga 2023/2024

Cliquez ici pour prendre le quiz!

Statistiques générales

  • Ce quiz a été pris 221 fois
  • Le résultat moyen est 13 sur 20

Statistiques - réponses

Valeur(millions)JoueurClub% Correct
150Vinicius JrReal madrid
96%
100PedriBarcelone
91%
90GaviBarcelone
89%
85CamavingaReal madrid
86%
85TchouaméniReal madrid
84%
70AraujoBarcelone
76%
120BellinghamReal madrid
74%
45CourtoisReal madrid
72%
100RodrygoReal madrid
72%
70MilitaoReal madrid
70%
100ValverdeReal madrid
69%
75De jongBarcelone
64%
40AlabaReal madrid
53%
50BaldeBarcelone
53%
60KoundéBarcelone
53%
50FelixAtletico madrid
49%
60RaphinhaBarcelone
42%
40OyarzabalReal sociedad
36%
40De paulAtletico madrid
26%
50MerinoReal sociedad
22%

Distribution des résultats

Percentile par nombre de réponses

% des personnes avec chaque résultat

Votre développement - résultats

Vous n’avez pas pris ce quiz